Trouver le nom de ces personnes en O - Statistiques

Statistiques générales
  • Ce quiz a été pris 68 fois
  • Le résultat moyen est 5 sur 13
Statistiques - réponses
Par images Réponse % Correct
Omar Sy
97%
Barack Obama
92%
Orelsan
85%
Orlando Bloom
50%
Shaquille O'Neal
44%
Olivia Rodrigo
32%
Oscar Isaac
27%
Dylan O'Brien
24%
Olivia Colman
15%
Frank Ocean
10%
Olivia Cooke
8%
Octavia Spencer
6%
Omar Rudberg
2%
Aucun quiz correspondant
Distribution des résultats
% des personnes avec chaque résultat
Percentile par nombre de réponses
Votre historique - résultats
Vous n’avez pas pris ce quiz